Dívka a poník. Štěstí v sedle /

Příběh o vytrvalosti, rivalitě, lásce ke koním a o tom, že laskavost a pochopení jsou nejlepší cesta k vítězství.

Hlavní autor: Bredow-Werndl, Jessica von, 1986-
Další autoři: Szillat, Antje, 1966-, Kolář, Dominik
Jazyk: Čeština
Vydáno: Praha : Bambook, 2025
Vydání: První vydání
Témata:
Fyzický popis: 199 stran : ilustrace ; 21 cm
Knihy
Uloženo v:
LEADER 02475nam a2200529 i 4500
001 nkc20253712797
003 CZ PrNK
005 20251106074606.0
007 ta
008 251007s2025 xr a c 000 j cze
015 |a cnb003712797 
020 |a 978-80-271-5035-9  |q (vázáno) :  |c Kč 299,00 
035 |a (OCoLC)1549631842 
040 |a ABG001  |b cze  |e rda 
041 1 |a cze  |h ger 
072 7 |a 821.112.2-3  |x Německá próza, německy psaná  |2 Konspekt  |9 25 
072 7 |a 821-93  |x Literatura pro děti a mládež (beletrie)  |2 Konspekt  |9 26 
080 |a 821.112.2-32  |2 MRF 
080 |a 821-93  |2 MRF 
080 |a (0:82-32)  |2 MRF 
100 1 |a Bredow-Werndl, Jessica von,  |d 1986-  |7 xx0336824  |4 aut 
240 1 0 |a Emilia und das Glück der Pferde.  |l Česky 
245 1 0 |a Dívka a poník.  |p Štěstí v sedle /  |c Jessica von Bredow-Werndlová, Antje Szillatová ; překlad Dominik Kolář 
246 3 0 |a Štěstí v sedle 
250 |a První vydání 
264 1 |a Praha :  |b Bambook,  |c 2025 
300 |a 199 stran :  |b ilustrace ;  |c 21 cm 
336 |a text  |b txt  |2 rdacontent 
337 |a bez média  |b n  |2 rdamedia 
338 |a svazek  |b nc  |2 rdacarrier 
500 |a Přeloženo z němčiny 
520 2 |a Příběh o vytrvalosti, rivalitě, lásce ke koním a o tom, že laskavost a pochopení jsou nejlepší cesta k vítězství.  |b Emílie jezdí na ponících už celou řadu let. Má proto velkou radost, když dostane nového koně Valentýna. Její jezdecký instruktor ji však nutí, aby na něj byla při výcviku přísná. Emílie ale ví, že opravdová láska ke zvířatům je o něčem jiném. Všechno vyvrcholí nepříjemnou nehodou, po které se Emílie rozhodne, že svého trenéra už poslouchat nebude. S pomocí slavné jezdkyně Jessicy se musí naučit věřit hlavně sama v sebe. Nakladatelská anotace. 
521 8 |a Pro čtenáře od 9 let 
655 7 |a německé příběhy  |7 fd132944  |2 czenas 
655 7 |a publikace pro děti  |7 fd133156  |2 czenas 
655 9 |a German stories  |2 eczenas 
655 9 |a children's literature  |2 eczenas 
700 1 |a Szillat, Antje,  |d 1966-  |7 ola20191039569  |4 aut 
700 1 |a Kolář, Dominik  |4 trl 
765 1 |t Gut Aubenhausen  |9 Česky 
910 2 |a BOA001  |b 2-1549.900 
920 |a 5161042  |z ABG001 
928 9 |a Grada Publishing - Bambook 
990 |a BK 
995 |a 01 
991 |b 202510  |c NOV 
996 6 |b 2611015130  |c 2-1549.900  |l MZK  |r Sklad / do 1 hodiny  |n 0  |p p.v.  |w 002021130  |u 000010  |a 1  |e BOA001  |j MZK50  |s P